000 01331cam a22003011i 4500
003 SA-RiAUC
005 20260104140511.0
008 251230s2005 su o g b f00000 ara c
020 _a9960880710
040 _aSA-JeALM
_bara
_cSA-RiAUC
_erda
041 1 _aara
_hund
043 _aa-su---
050 4 _bA76125 2005
082 0 4 _a362.1109531
_qSA-RiAUC
090 _a362.110953
_bا ر م
100 1 _aأرميردينج، باول ل.
_eمؤلف.
245 1 0 _aأطباء من أجل المملكة :
_bعمل مستشفيات الإرسالية الأمريكية في المملكة العربية السعودية /
_cبول أرميردينغ ؛ ترجمة عبد الله بن ناصر السبيعي.
264 1 _aالرياض :
_bدارة الملك عبد العزيز،
_c2005
300 _a228 صفحة :
_bصور ؛
_c22 سم .
336 _aنص
_btxt
_2rdacontent
_3كتاب
337 _aبدون وسيط
_bn
_2rdamedia
490 0 _aكتاب الدارة ؛
_v6
504 _aببليوجرافية : صفحة 211-228.
650 7 _aالإرساليات التبشيرية
_zالسعودية
_yقرن 14 هجري
_2aucsh
700 1 _aالسبيعي، عبد الله ناصر عبد الله،
_d1364 هجري-
_eمترجم.
942 _2ddc
_cBOOK
_n0
949 _aSA-JeALM
_d251230
_uosman123
_n1
999 _c13891
_d13891